Statistics for Touchy Feely Fool Lyrics - AJR

Click here to take the quiz!

General Stats

  • This quiz has been taken 13 times
  • The average score is 273 of 319

Answer Stats

Answer% Correct
a
100%
be
100%
feel
100%
feely
100%
fool
100%
I
100%
I'm
100%
to
100%
touchy
100%
you
100%
You
100%
about
89%
alone
89%
And
89%
anything
89%
better
89%
can
89%
claustrophobic
89%
do
89%
do?
89%
give
89%
hey
89%
jerk
89%
not
89%
off
89%
on
89%
stick
89%
stone
89%
too?
89%
too
89%
what
89%
ago?
78%
at
78%
back
78%
breath
78%
but
78%
But
78%
can't
78%
Could
78%
could
78%
crawl
78%
cruel
78%
dead
78%
even
78%
feelin'
78%
For
78%
funny
78%
funny?
78%
get
78%
guts
78%
if
78%
I'll
78%
is
78%
it
78%
knock
78%
know
78%
laugh
78%
lawyers
78%
Life
78%
like
78%
long
78%
lose
78%
lot
78%
loud
78%
mad?
78%
me
78%
mine
78%
my
78%
never
78%
Now
78%
now
78%
Prayin'
78%
pretty
78%
scream
78%
screwed
78%
shit
78%
so
78%
Someday
78%
someday
78%
sometimes
78%
superstitious
78%
talk
78%
tell
78%
that
78%
the
78%
there
78%
this
78%
tomorrow
78%
up
78%
wake
78%
wanna
78%
want
78%
Well
78%
when
78%
Why
78%
wish
78%
won't
78%
wood
78%
would
78%
ya
78%
your
78%
bliss
67%
But
67%
hell
67%
how
67%
least
67%
Maybe
67%
much
67%
older
67%
or
67%
ruthless?
67%
see
67%
Sorry
67%
sorry
67%
teach
67%
unfeeling
67%
feeling
56%
stressed
56%
Man
44%

Score Distribution

Percentile by Number Answered

Percent of People with Each Score

Your Score History

You have not taken this quiz